| 000 | 00472nam a22001817a 4500 | ||
|---|---|---|---|
| 005 | 20251108171813.0 | ||
| 008 | 250721s1985 xx 000 0 ara d | ||
| 082 | 1 | 4 | _aط/388.3/يون |
| 100 | 1 | _aيونغ، فرانك | |
| 245 | 1 | 0 | _aالسيارة / |
| 250 | _aط2 | ||
| 264 | 1 |
_aسويسره : _bميدليفانت، _c1985. |
|
| 300 | _a37ص : مص | ||
| 490 | 0 | _aوسائل النقل | |
| 650 | 1 | 7 | _aوسائل النقل |
| 942 |
_2ddc _cBK |
||
| 999 |
_c62967 _d62967 |
||